| 000 | 00364nam a22001457a 4500 | ||
|---|---|---|---|
| 008 | 250417b ||||| |||| 00| 0 eng d | ||
| 020 | _a9781853260711 | ||
| 041 | _aeng | ||
| 080 |
_21993 _a82MUN |
||
| 082 |
_282MUN _a82MUN |
||
| 100 | _a01 | ||
| 101 | _aGJUHE DHE LETERSI | ||
| 245 |
_aTHE COLLECTED SHORT STORIES OF SAKI _cHECTOR HUGH MUNRO |
||
| 942 |
_2udc _cBK |
||
| 999 |
_c60658 _d60658 |
||